000 01832cam a22002771 4500
001 5901335
003 ARRUPE
005 20160817111926.0
008 890608s1914 nyua 000 0 eng
010 _a 16018308
035 _a(OCoLC)19837587
040 _aDLC
_cPPiU
_dDLC
042 _apremarc
050 0 0 _aB1652
_b.A2 1914 [vol. 11-13]
100 1 _aSpencer, Herbert,
_d1820-1903.
_925186
245 1 0 _aEssays
_cby Herbert Spencer ...
_b scientific, political, and speculative,
260 _aLondon,
_bFiliquarian Publishing,
_c1914.
300 _a283p. ;
_c28 cm.
500 _aPublished originally in 1890
505 0 _aI. The development hypothesis. Progress: its law and cause. Transcendental physiology. The nebular hypothesis. Illogical geology. Bain on the emotions and the will. The social organism. The origin of animal worship. Morals and moral sentiments. The comparative psychology of man. Mr. Martineau on evolution. The factors of organic evolution.--II. The genesis of science. The classification of the sciences. Reasons for dissenting from the philosophy of M. Comte. On laws in general, and the order of their discovery. The valuation of evidence. What is electricity? Mill versus Hamilton--The test of truth. Replies to criticisms. Prof. Green's explanations. The philosophy of style. Use and beauty. The sources of architectural types. Gracefulness. Personal beauty. The origin and function of music. The physiology of laughter.--III. Manners and fashion. Railway morals and railway policy. The morals of trade. Prison-ethics. The ethics of Kant. Absolute political ethics.
650 0 _aScience.
_xAddresses
_925187
650 0 _aPolitical science.
_xAddresses
_925188
650 0 _aPhilosophy.
_xAddresses
_925189
906 _a7
_bcbc
_coclcrpl
_du
_encip
_f19
_gy-gencatlg
942 _2lcc
_cMONOGRAPH
999 _c125048
_d125048